000 00648nam a22002537a 4500
001 87362
003 UA-OsUOA
005 20211115221818.0
007 ta
008 20120918b un ||||| |||| 00| 0 ukr d
020 _a5-235-00289-Х
040 _aUA-OsUOA
_brus
_cUA-OsUOA
_dUA-OsUOA
041 _arus
080 _a94(47+57)
090 _a94(47+57)
_bК28
100 _aКассис В. Б.
245 _aИз тайников секретных служб
260 _aМ.
_bМол. гвардия
_c1988
300 _a205 с.
650 7 _a94 Історія
_2UDC
700 _aКолосов Л. С.
942 _cBK
_2udc
955 _a5
999 _c373601
_d373601